| 000 | 01105nam a2200241Ia 4500 | ||
|---|---|---|---|
| 999 |
_c56685 _d56685 |
||
| 001 | 23807 | ||
| 003 | GE_BSU | ||
| 005 | 20250310172958.0 | ||
| 008 | 181216s2002||||ge |||||||||||||| ||geo|| | ||
| 020 | _a9992873027 | ||
| 040 | _cGE_BSU | ||
| 041 | _ageo | ||
| 080 | _a611(075.8)კ-36 | ||
| 100 |
_aკაციტაძე, ზურაბ _924503 |
||
| 245 |
_aადამიანის ანატომია. ნაწ. 1. _bსახელმძღვ. სამედ. უნ-ტის სტუდ / _cზურაბ კაციტაძე, რედ. ნინო ჯავახიშვილი. მხატვ. ი. კილაძე. ლ. ბოტკოველი |
||
| 250 | _aმე-2 გამოცემა. | ||
| 264 |
_aთბილისი : _bმედეა, _c2002. |
||
| 300 |
_a608 გვ. : _bსურ. _c25 სმ. |
||
| 653 | _aადამიანის ანატომია. ნაწ. 1. | ||
| 653 | _aმედიცინა | ||
| 700 |
_a ჯავახიშვილი, ნინო _eრედაქტორი _924504 |
||
| 942 |
_cBK _2udc |
||